000 00436nam a2200181Ia 4500
005 20250508163506.0
008 008 250505s9999 xx 000 0 eng d
037 _aTextual
040 _aFEDL
_beng
_cFEDL
041 _aeng
_2eng
084 _a420.7, HOB
_qFEDL
100 _aHobbs J
245 0 _aTeaching observed
260 _c1977
300 _a182p.
942 _cTEXL
_h420.7, HOB
999 _c1383664
_d1383664